Social stratification in Slovakia in relation to position on the labour market
Príspevok je zameraný na stratifikáciu slovenskej populácie vo vzťahu k pozícii na trhu práce. Sociálna štruktúra a stratifikácia spoločnosti. Situácia na pracovnom trhu na Slovensku v rokoch 1994-2014, ekonomická aktivita. Zamestnanosť celková, zamestnanci, samozamestnanci. Štruktúra zamestnaných p...
Gespeichert in:
| 1. Verfasser: | |
|---|---|
| Format: | Buchkapitel |
| Sprache: | Englisch |
| Schlagworte: | |
| Tags: |
Keine Tags, Fügen Sie das erste Tag hinzu!
|
MARC
| LEADER | 00000nla$a2200000$$$4500 | ||
|---|---|---|---|
| 001 | 0226607 | ||
| 005 | 20240502093955.5 | ||
| 041 | 0 | |a eng | |
| 044 | |a SK | ||
| 245 | 1 | 0 | |a Social stratification in Slovakia in relation to position on the labour market |c Petr Zadražil |
| 520 | |a Príspevok je zameraný na stratifikáciu slovenskej populácie vo vzťahu k pozícii na trhu práce. Sociálna štruktúra a stratifikácia spoločnosti. Situácia na pracovnom trhu na Slovensku v rokoch 1994-2014, ekonomická aktivita. Zamestnanosť celková, zamestnanci, samozamestnanci. Štruktúra zamestnaných podľa sektorov ekonomickej činnosti SK NACE rev. 2. | ||
| 610 | 2 | 0 | |a štruktúra sociálna |
| 610 | 2 | 0 | |a trh práce |
| 610 | 2 | 0 | |a stratifikácia sociálna |
| 610 | 2 | 0 | |a zamestnanosť |
| 610 | 2 | 0 | |a Slovensko |
| 100 | 1 | |a Zadražil, Petr | |